| 000 | 00465nam a22001457a 4500 | ||
|---|---|---|---|
| 082 | _aT-58 | ||
| 100 |
_aParvez Iqbal Sulehri _948381 |
||
| 245 |
_aA laboratory investigation to study the variation in strength of commercial brand ordinary portland cements _cParvez Iqbal Sulehri |
||
| 260 |
_aRisalpur _bMCE, NUST |
||
| 300 |
_ap171.: _bill,; _c30 cm. |
||
| 526 |
_a0 _b0 _c0 _dT_58 |
||
| 650 |
_aThesis _934811 |
||
| 700 |
_aNasurllab Abeer _948382 |
||
| 942 |
_2ddc _cBK |
||
| 999 |
_c551350 _d551350 |
||